|
|
|
|
| LEADER |
02173nam a22004093i 4500 |
| 001 |
EBC6606520 |
| 003 |
MiAaPQ |
| 005 |
20231204023216.0 |
| 006 |
m o d | |
| 007 |
cr cnu|||||||| |
| 008 |
231204s2021 xx o ||||0 eng d |
| 020 |
|
|
|a 9781523091515
|q (electronic bk.)
|
| 035 |
|
|
|a (MiAaPQ)EBC6606520
|
| 035 |
|
|
|a (Au-PeEL)EBL6606520
|
| 035 |
|
|
|a (OCoLC)1251449091
|
| 040 |
|
|
|a MiAaPQ
|b eng
|e rda
|e pn
|c MiAaPQ
|d MiAaPQ
|
| 050 |
|
4 |
|a HD62.5 .H6477 2021
|
| 082 |
0 |
|
|a 658.4092
|
| 100 |
1 |
|
|a Horn, Sabrina.
|
| 245 |
1 |
0 |
|a Make It, Don't Fake It :
|b Leading with Authenticity for Real Business Success.
|
| 250 |
|
|
|a 1st ed.
|
| 264 |
|
1 |
|a Oakland :
|b Berrett-Koehler Publishers, Incorporated,
|c 2021.
|
| 264 |
|
4 |
|c Ã2021.
|
| 300 |
|
|
|a 1 online resource (146 pages)
|
| 336 |
|
|
|a text
|b txt
|2 rdacontent
|
| 337 |
|
|
|a computer
|b c
|2 rdamedia
|
| 338 |
|
|
|a online resource
|b cr
|2 rdacarrier
|
| 505 |
0 |
|
|a Cover -- Title Page -- Copyright Page -- Contents -- Dedication -- Foreword -- Introduction -- Chapter One: Some Really Bad Advice -- Chapter Two: So, You Want to Start a Company . . . -- Chapter Three: Becoming a CEO -- Chapter Four: Becoming and Staying an Authentic Brand -- Chapter Five: Get Used to Lonely -- Chapter Six: Airtight -- Chapter Seven: Leader and Loser Both Begin with the Letter L -- Chapter Eight: Way Off the Menu -- Chapter Nine: The Founder's Curse -- Notes -- Acknowledgments -- Index -- About the Author -- About Horn Strategy, LLC.
|
| 588 |
|
|
|a Description based on publisher supplied metadata and other sources.
|
| 590 |
|
|
|a Electronic reproduction. Ann Arbor, Michigan : ProQuest Ebook Central, 2023. Available via World Wide Web. Access may be limited to ProQuest Ebook Central affiliated libraries.
|
| 650 |
|
0 |
|a New business enterprises--Management.
|
| 650 |
|
0 |
|a Women executives.
|
| 650 |
|
0 |
|a Branding (Marketing).
|
| 655 |
|
4 |
|a Electronic books.
|
| 776 |
0 |
8 |
|i Print version:
|a Horn, Sabrina
|t Make It, Don't Fake It
|d Oakland : Berrett-Koehler Publishers, Incorporated,c2021
|
| 797 |
2 |
|
|a ProQuest (Firm)
|
| 856 |
4 |
0 |
|u https://ebookcentral.proquest.com/lib/matrademy/detail.action?docID=6606520
|z Click to View
|